000 02746cam a22005294i 4500
003 PE-LiUPU
005 20250731173305.0
008 150706s2003 sp a rb 000 0 spa d
020 _a8430114971
035 _a(Sirsi) i9788430114979
040 _aPE-LiUPU
_bspa
_cPE-LiUPU
_erda
049 _aPRUA
082 0 4 _a226.2
_bL98
_221
100 1 _aLuz, Ulrich,
_eautor.
245 1 3 _aEl evangelio según San Mateo :
_bMt. 18-25 /
_cUlrich Luz.
264 1 _aSalamanca :
_bEdiciones Sígueme,
_c2003.
300 _a716 páginas :
_bilustraciones fig. ;
_c22 centímetros
336 _atext
_2rdacontent
337 _aunmediated
_2rdamedia
338 _avolume
_2rdacarrier
490 0 _aBiblioteca de Estudios Bíblicos ;
_v111
504 _aIncluye referencias bibliográficas al pié de páginas.
505 0 _aEl discurso sobre la comunión (18, 1-35) -- Camino de Jerusalén (19, 1-20,34) -- Jesús en Jerusalén (21, 1-25, 46) -- Ajustes de cuentas de Jesús con sus adversarios (21.1 -24, 2) -- Las controversias de Jerusalén (22,15-46) -- El discurso de las denuncias contra letrados y fariseos (23, 1-24,2) -- El discurso del juicio (24, 3-25,46) -- El tiempo final y el fin (24, 3-31) -- Las últimas exhortaciones a la comunidad (24, 32-35,30) -- El juicio universal (25, 31-46).
526 _aSEG42
526 _aSEG41
526 _aSEG40
526 _aSEG39
526 _aP94
526 _aP87
526 _aP86
526 _aP85
526 _aP77
526 _aP76
526 _aP35
541 _g006-0041988;
630 _aBiblia.
_pN.T.
_pMateo 18-25
_xComentarios.
910 _agl
_cjck
_d20120410
942 _2ddc
_cBOOK
949 _a226.2 L98 3
_wDEWEY
_c1
_i64455
_lCCODEBUL1
_mBUL
_p66.00
_r0
_sY
_tBOOK
_u2015-7-6
_xTEOLOGIA
_PP35
_0COMPRA
_o.STAFF. Colección Teología
949 _a226.2 L98 3
_wDEWEY
_c2
_i55883
_lCCODEBUL1
_mBUL
_p45.00
_r0
_sY
_tBOOK
_u2015-6-25
_xTEOLOGIA
_zUNKNOWN
_0COMPRA
_o.STAFF. Colección Teología
949 _a226.2 L98 3
_wDEWEY
_c3
_i59237
_lCCODEBUL1
_mBUL
_p45.00
_r0
_sY
_tBOOK
_u2015-7-9
_xTEOLOGIA
_PP35
_0COMPRA
_o.STAFF. Colección Teología
994 _aC0
_bPEPRU
596 _a1
999 _a226.2 L98 3
_wDEWEY
_c44719
_i64455
_d44719
_f2021-11-9
_g5
_lCCODEBUL1
_mBUL
_p66.00
_q1
_r0
_sY
_tBOOK
_u2015-7-6
_xTEOLOGIA
_PP35
_0COMPRA
_o.STAFF. Colección General
999 _a226.2 L98 3
_wDEWEY
_c2
_i55883
_f2021-11-9
_g5
_lCCODEBUL1
_mBUL
_p45.00
_r0
_sY
_tBOOK
_u2015-6-25
_xTEOLOGIA
_zUNKNOWN
_0COMPRA
_o.STAFF. Colección General
999 _a226.2 L98 3
_wDEWEY
_c3
_i59237
_d2019-6-11
_e2017-5-14
_f2021-11-9
_g5
_lCCODEBUL1
_mBUL
_n1
_p45.00
_q3
_r0
_sY
_tBOOK
_u2015-7-9
_xTEOLOGIA
_PP35
_0COMPRA
_o.STAFF. Colección Teología
980 _81
_gALBERTO SANCHEZ Responsable de Automatización